| 000 | 00960nam a2200265 i 4500 | ||
|---|---|---|---|
| 001 | bg | ||
| 100 | 1 | _aRAKOWSKA, Aleksandra | |
| 245 | 1 | 0 |
_aKryteria oceny weryfikujące jakość polietylenu usieciowanego stosowanego jako izolacja kabli elektroenergetycznych / _cAleksandra Rakowska. |
| 260 |
_aPoznań : _bWydaw. PP, _c2000. |
||
| 300 |
_a171, [1] s. : _bil. ; _c24 cm. |
||
| 490 | 1 |
_aRozprawy / Politechnika Poznańska, _x0551-6528 ; _vnr 357 |
|
| 500 | _aStreszcz ang. | ||
| 504 | _aBibliogr. | ||
| 650 | 9 |
_aIzolacje elektryczne _xeksploatacja _xbadanie |
|
| 650 | 9 |
_aJakość produktu _xbadanie |
|
| 650 | 9 |
_aKable _xmateriały _xbadanie |
|
| 650 | 9 |
_aPolietylen _xeksploatacja _xbadanie |
|
| 650 | 9 |
_aPolietylen _xstosowanie _xelektroenergetyka _xbadanie |
|
| 830 | 0 |
_aRozprawy (Politechnika Poznańska) ; _vnr 357 |
|
| 040 | _cBPK | ||
| 041 | 0 |
_apl _ben |
|
| 080 | _a621.315:678.7:658.56 | ||
| 942 | _cKS | ||
| 008 | s pl f |000 0 pol | ||
| 999 |
_c39332 _d39332 |
||
| 856 |
_uhttp://koha.tu.koszalin.pl/cgi-bin/koha/opac-detail.pl?biblionumber=39332 _yKatalog online BPK |
||